| 000 | 01417nam a2200325 i 4500 | ||
|---|---|---|---|
| 003 | EG-GICUC | ||
| 005 | 20260121101651.0 | ||
| 008 | 260105s1982 ua ||||f |||| 00| 0 ara d | ||
| 017 | _a1982/2128 | ||
| 020 | _a9777355114 | ||
| 040 |
_a EG-GICUC _bara _c EG-GICUC _d EG-GICUC _erda |
||
| 041 | _aara | ||
| 082 | 0 | 4 |
_221 _a345.6411044 _bس ا . ل |
| 092 | 0 | 4 | _221 |
| 099 | _aLaw1 07 345.6411044 س ا . ل 1982 | ||
| 100 | 0 |
_aسامي جمال الدين _eمؤلف. |
|
| 245 | 1 | 0 |
_aلوائح الضرورة وضمانة الرقابة القضائية : _bدراسة تحليلية للقرارات بقوانين والأوامر العسكرية ومدى سلطة القضاء في الرقابة عليها بالمقارنة مع النظم المماثلة في فرنسا / _cدكتور سامي جمال الدين . |
| 264 | 1 |
_aالاسكندرية : _bمنشأة المعارف ، _c1982 . |
|
| 300 |
_a421 ؛ صفحة _c24 سم |
||
| 336 |
_2rda content _atext |
||
| 337 |
_2rda media _aComputer |
||
| 338 |
_2rda carrier _aOnline Resource |
||
| 504 | _a. 421-415 ببليوجرافيا: صفحات. | ||
| 504 | _aيشتمل على إرجاعات ببليوجرافية | ||
| 650 | 1 | 4 |
_aلوائح الضرورة _xالقانون الإداري _zفرنسا _2qrmak |
| 651 | 1 | _2qrmak | |
| 856 | 4 | 0 | _uhttps://fll.law.cu.edu.eg/fulltext/bks/B07-02505.pdf |
| 905 | _a61 | ||
| 942 |
_2ddc _cBK _e21 _n0 |
||
| 999 |
_c54743 _d54743 |
||